Προσχολική παιδαγωγική : προβληματισμοί - προτάσεις

Saved in:
Bibliographic Details
Main Authors: Πανταζής, Σπύρος Χ., Σακελλαρίου, Μαρία Ι. (Author)
Format: Book
Language:Greek
Published: [Αθήνα] : Ατραπός, Διάδραση, [c2005].
Subjects:
Tags: Add Tag
No Tags, Be the first to tag this record!

MARC

LEADER 00000cam a2200000 i 4500
001 1/105423
008 090523s20052011gr ||| | gre||
020 |a 9606622118 
020 |a 9789609539180 
035 |l 10104820 
040 |a GR-MY-UA  |b gre  |e aacr 
041 0 |a gre 
082 7 |a 372.21   |2 (22) 
100 1 |a Πανταζής, Σπύρος Χ. 
245 1 0 |a Προσχολική παιδαγωγική :   |b προβληματισμοί - προτάσεις /   |c Σπύρος Χ. Πανταζής - Μαρία Ι. Σακελλαρίου.  
260 |a [Αθήνα] :   |b Ατραπός,   |b Διάδραση,   |c [c2005].  
300 |a 353 σ. ;   |c 24 εκ.  
500 |a Το δεύτερο και τρίτο αντίτυπο του Παραρτήματος Ρόδου είναι των εκδόσεων Διάδραση.  
504 |a Περιλαμβάνει βιβλιογραφικές παραπομπές. 
650 0 0 |a Education, Preschool  |x Activity programs. 
650 0 0 |a Early childhood education  |x Activity programs. 
700 1 |a Σακελλαρίου, Μαρία Ι.  |e aut 
852 |a INST  |b LESVOS  |e 20180914  |h 372.21 ΠΑΝ  |p 005100061097  |q 005100061097  |t BK  |y 0 
852 |a INST  |b RHODES  |e 20090523  |h 372.21 ΠΑΝ  |p 005400032221  |q 005400032221  |t BK  |y 0 
852 |a INST  |b RHODES  |c EUDOXUS  |e 20140408  |h 372.21 ΠΑΝ  |p 005400036368  |q 005400036368  |t EDX  |y 0 
852 |a INST  |b RHODES  |c EUDOXUS  |e 20160118  |h 372.21 ΠΑΝ  |p 005400038191  |q 005400038191  |t EDX  |y 0 
901 |a BIBL4-2009-2 
901 |a BIBL4-2014-1 
909 |a Ρ  |b 157240 
909 |a Ρ  |b 182873 
920 |a Εύδοξος  |b Επιστροφή  |y Ρόδος  |z 2014-04 
920 |a Εύδοξος  |b Παραγγελία  |y Ρόδος-ΤΕΠΑΕΣ  |z 2016-01 
970 |a ΚΟΖΑ  |b ΜΑΡΙΑ  |z 2009/05/22